000 00252nam a22001217a 4500
008 170313b xxu||||| |||| 00| 0 eng d
041 _aeng
080 _a591
100 _a7
101 _aSHM
245 _aTHE LIFE FISHES
_cMATTHES.H
942 _2udc
_cBK
999 _c7674
_d7674